[Event "Aragon-chT Preferente Gr I"]
[Site "Aragon"]
[Date "2022.03.05"]
[Round "6.35"]
[White "Mallen Torrijo, Nicolas Jose"]
[Black "Domingo Romance, Agustin"]
[Result "1-0"]
[WhiteElo "1509"]
[BlackElo "1628"]
[PlyCount "125"]
[EventDate "2022.01.29"]
[EventType "team-tourn"]
[EventRounds "9"]
[EventCountry "ESP"]
[SourceTitle "EXT 2024"]
[Source "ChessBase"]
[SourceDate "2023.10.10"]
[SourceVersion "1"]
[SourceVersionDate "2023.10.10"]
[SourceQuality "1"]
[WhiteTeam "IberCaja II"]
[BlackTeam "Agrupacion II"]
[WhiteTeamCountry "ESP"]
[BlackTeamCountry "ESP"]

1. c4 e6 2. g3 d5 3. Bg2 c6 4. Nf3 Nf6 5. 0-0 Bd6 6. d4 b6 7. Qc2 Bb7 8. Nbd2 Nbd7 9. e4 dxe4 10. Nxe4 Nxe4 11. Qxe4 Nf6 12. Qd3 0-0 13. Rd1 c5 14. Be3 Be4 15. Qe2 Qc7 16. Bg5 Bb7 17. Bxf6 gxf6 18. d5 exd5 19. cxd5 Rfe8 20. Qc4 Bc8 21. Qh4 Qd8 22. Nd2 Bf5 23. Re1 Be5 24. Nc4 Rc8 25. Rad1 b5 26. Nxe5 fxe5 27. Qh6 f6 28. Be4 Bxe4 29. Rxe4 Kh8 30. Rh4 Rc7 31. a4 a6 32. Qe3 Qd6 33. f4 Rce7 34. fxe5 Rxe5 35. Qd3 f5 36. axb5 axb5 37. Qxb5 Rd8 38. Rc4 Rc8 39. b4 Rxd5 40. Rxd5 Qxd5 41. bxc5 Ra8 42. Qb2+ Kg8 43. Qc2 Ra1+ 44. Kf2 Rd1 45. Ke2 Rh1 46. Rh4 Rg1 47. Qc4 Rd1 48. Qxd5+ Rxd5 49. Rc4 Rd7 50. c6 Rc7 51. Ke3 Kg7 52. Kf4 Kf6 53. Rc5 Kg6 54. h4 Kf6 55. Rxf5+ Ke6 56. Rc5 Kd6 57. Rc3 Ke6 58. g4 Rf7+ 59. Kg3 Kd6 60. c7 Rxc7 61. Rxc7 Kxc7 62. Kf4 Kd7 63. Kg5 1-0

[Event "Aragon-chT Preferente"]
[Site "Aragon"]
[Date "2021.04.10"]
[Round "4.36"]
[White "Lorente Melcon, Hector"]
[Black "Mallen Torrijo, Nicolas Jose"]
[Result "1-0"]
[WhiteElo "1361"]
[BlackElo "1423"]
[PlyCount "59"]
[EventDate "2021.03.13"]
[EventType "team-tourn"]
[EventRounds "9"]
[EventCountry "ESP"]
[SourceTitle "EXT 2024"]
[Source "ChessBase"]
[SourceDate "2023.10.10"]
[SourceVersion "1"]
[SourceVersionDate "2023.10.10"]
[SourceQuality "1"]
[WhiteTeam "Helios II"]
[BlackTeam "IberCaja II"]
[WhiteTeamCountry "ESP"]
[BlackTeamCountry "ESP"]

1. e4 c5 2. Nf3 Nc6 3. d4 cxd4 4. Nxd4 g6 5. Nc3 Bg7 6. Be3 Nf6 7. Be2 0-0 8. 0-0 d5 9. Nxc6 bxc6 10. exd5 Nxd5 11. Qd2 Nxe3 12. Qxe3 Qb6 13. Rab1 Qxe3 14. fxe3 Be6 15. a3 Rab8 16. Bf3 c5 17. Rfd1 g5 18. Rd3 c4 19. Rdd1 Rfd8 20. Rxd8+ Rxd8 21. Ne4 g4 22. Be2 Bf5 23. Nc3 Bxc2 24. Rc1 Bf5 25. Bxc4 Rd2 26. e4 Bxc3 27. bxc3 Bxe4 28. Bf1 Ra2 29. Re1 f5 30. Bc4+ 1-0